Wykonawcy muzyczni na literę G - Statystyki

Ogólne statystyki
  • Ten quiz został rozwiązany 11 razy
  • Średni wynik to 7 z 18
Statystyki odpowiedzi
Lata aktywności Państwo Piosenki Zespół lub artysta % Poprawnych
1987– Sweet Child o' Mine | November Rain Guns n' Roses
100%
1990– American Idiot | Boulevard of Broken Dreams Green Day
78%
1987–2016 Faith | Careless Whisper George Michael
67%
1969–2022 Land of Confusion | Invisible Touch Genesis
56%
1968–2001 My Sweet Lord | Got My Mind Set on You George Harrison
56%
1975– I Will Survive | I Am What I Am Gloria Gaynor
56%
2003– Somebody That I Used to Know | Eyes Wide Open Gotye
56%
2004– Hollaback Girl | The Sweet Escape Gwen Stefani
56%
2000– Feel Good, Inc. | Clint Eastwood Gorillaz
44%
1984– Conga | Words Get in the Way Gloria Estefan
33%
1995– Stupid Girl | Only Happy When It Rains Garbage
22%
1989– Friends in Low Places | The Dance Garth Brooks
22%
1987– Iris | Slide Goo Goo Dolls
22%
1965– American Woman | These Eyes The Guess Who
22%
1935–1944 In the Mood | Moonlight Serenade Glenn Miller
11%
1967–1995 Sugar Magnolia | Casey Jones The Grateful Dead
11%
2014– Heat Waves | Goeey Glass Animals
0%
1966–2023 The Wreck of the Edmund Fitzgerald | Sundown Gordon Lightfoot
0%
Nie znaleziono quizów pasujących do podanych kryteriów
Rozkład punktacji
Procent ludzi z każdym wynikiem
Percentyl według liczby udzielonych odpowiedzi
Twoja historia wyników
Nie rozwiązałeś tego quizu